Detalles MARC
| 000 -LIDER |
| fixed length control field |
00975nam a22003017a 4500 |
| 001 - NÚMERO DE CONTROL |
| Identificador de número de control |
00765 |
| 003 - IDENTIFICACDOR DE NÚMERO DE CONTROL |
| control field |
DO-SdBNP |
| 005 - DATE AND TIME OF LATEST TRANSACTION |
| control field |
20180130093108.0 |
| 007 - CAMPOS FIJOS DE DESCRIPCIÓN FÍSICA |
| fixed length control field |
00765 |
| 008 - ELEMENTOS DE LONGITUD FIJA |
| fixed length control field |
160707b 1991 cu ||||| |||| 00| 0 spa d |
| 040 ## - FUENTE DE CATALOGACIÓN |
| Agencia que crea de manera original el registro |
BPMSU |
| Idioma de catalogación |
spa |
| Agencia que realiza la transcripción |
BPMSU |
| 082 #4 - NÚMERO DE CLASIFICACIÓN DECIMAL DE DEWEY |
| Classification number |
843.8 |
| Item number |
V531isla |
| 100 1# - ASIENTO PRINCIPAL -- NOMBRE PERSONAL |
| Nombre personal |
Verne, Julio, |
| Fechas asociadas con el nombre |
1828-1905. |
| 245 13 - MENCIÓN DE TITULO |
| Título |
La isla misteriosa / |
| Mención de responsabilidad |
Julio Verne ; edición Yolanda Borlado Vázquez |
| 260 ## - PUBLICACIÓN, DISTRIBUCIÓN, ETC. (PIE DE IMPRENTA) |
| Lugar de publicación, distribución, etc |
Habana, Cuba : |
| Nombre del editor, distribuidor, etc. |
Gente nueva, |
| Fecha de publicación, distribución, etc |
1991. |
| 300 ## - DESCRIPCIÓN FÍSICA |
| Extensión |
2 v. : |
| Dimensiones |
18 cm. |
| 490 1# - MENCIÓN DE SERIES |
| Mención de serie |
Biblioteca juvenil. Aventuras |
| 500 ## - NOTA GENERAL |
| Nota general |
Incluye datos biográficos del autor. |
| 650 #4 - ENCABEZAMIENTO DE MATERIA--TEMÁTICO |
| Término temático o nombre geográfico como elemento de entrada |
NOVELA JUVENIL FRANCESA |
| 650 #4 - ENCABEZAMIENTO DE MATERIA--TEMÁTICO |
| Término temático o nombre geográfico como elemento de entrada |
LITERATURA JUVENIL FRANCESA |
| 700 12 - ASIENTO SECUNDARIO -- NOMBRE PERSONAL |
| Nombre personal |
Borlado Vázquez, Yolanda, |
| Mención de responsabilidad |
ed. |
| 700 12 - ASIENTO SECUNDARIO -- NOMBRE PERSONAL |
| Nombre personal |
Bernard de Ferrer, Genoveva, |
| Fechas asociadas con el nombre |
tr. |
| 830 #0 - ASIENTO SECUNDARIO DE SERIE--TÍTULO UNIFORME |
| Título uniforme |
Biblioteca juvenil |
| Nombre de la parte o sección de una obra |
Aventuras |
| 910 ## - VALIDACIÓN |
| Validación |
Validado. Control de calidad MFF |
| 942 ## - ADDED ENTRY ELEMENTS (KOHA) |
| Source of classification or shelving scheme |
Dewey Decimal Classification |
| Koha item type |
Libros |
| 945 ## - INFORMACIÓN DE PROCESAMIENTO LOCAL |
| Información de procesamiento local |
Inventariado extranjero / 2017 VM |
| 956 ## - LOCAL ELECTRONIC LOCATION AND ACCESS (OCLC) |
| Nombre de host |
BTAVÁREZ |
| Número de acceso |
10 |
| Información de compresión |
20161106 |
| Trayectoria |
00765 |